000 01356cam a2200337 a 4500
001 000011978
003 DO-SdBNP
005 20210720124718.0
008 000609s1999 ck a b 000 0 spa
020 _a9589555888
040 _aDO-SdBNP
_bspa
_cBNPHU
_dBNPHU
082 _a394.25
_bC288
245 0 0 _aCarnaval en la Arenosa /
_ccompilador Laurian Puerta ... [et al.].
260 _aBarranquilla :
_bFondo de Publicaciones de la Universidad del Atlántico,
_c1999.
300 _a116 p. :
_bil. ;
_c24 cm.
490 1 _aCiencias Sociales y Económicas Rodrigo Noguera Barreneche
500 _aIncluye referencias bibliográficas y notas al pie de las páginas
650 4 _aCarnavall
_zColombia
_zBarranquilla.
_928310
651 4 _aBarranquilla (Colombia)
_xVida social y costumbres
_928311
700 1 _aPuerta, Laurian,
_ecomp.
_928312
700 1 _aEspriella, Alfredo de la,
_ecomp.
_928313
700 1 _aRey Sinning, Édgar,
_ecomp.
_928314
700 1 _aSoto Mazenett, Rafael,
_ecomp.
_928315
700 1 _aOrozco Cantillo, Martín,
_ecomp.
_928298
700 1 _aConde C., Jorge,
_ecomp.
_928316
700 1 _aAlarcón, Luis Alfonso,
_ecomp.
_928317
700 1 _aBassi, Rafael,
_ecomp.
_928318
700 1 _aSolano Alonso, Jairo,
_ecomp.
_928319
830 0 _aCiencias Sociales y Económicas Rodrigo Noguera Barreneche
_928320
942 _2ddc
_cLBS1
999 _c11647
_d11647